00470nam a2200193Ia 4500003000900000008004100009040001300050040001300063041000800076100002300084245007400107250002200181260002100203260000900224300001100233300001000244490001600254490000600270IT-RoPAU120407s9999 xx 000 0 und d aIT-RoPAU cIT-RoPAU aita aBogdan Piwowarczyk aLa fede difficile. Saggio sullo stato spirituale dei giovani d’oggi aCinisello Balsamo aEdizioni Paoline c1990 a110 p. c20 cm aPunti caldi v8